LEADER 02715nam 2200649 450 001 9910459747103321 005 20210624222019.0 010 $a1-5015-1006-1 010 $a1-61451-680-4 024 7 $a10.1515/9781614516804 035 $a(CKB)3710000000228920 035 $a(EBL)1685266 035 $a(SSID)ssj0001368233 035 $a(PQKBManifestationID)11786842 035 $a(PQKBTitleCode)TC0001368233 035 $a(PQKBWorkID)11448701 035 $a(PQKB)10680903 035 $a(MiAaPQ)EBC1685266 035 $a(DE-B1597)426625 035 $a(OCoLC)890071055 035 $a(OCoLC)900715919 035 $a(DE-B1597)9781614516804 035 $a(Au-PeEL)EBL1685266 035 $a(CaPaEBR)ebr11006282 035 $a(CaONFJC)MIL805998 035 $a(EXLCZ)993710000000228920 100 $a20141001h20142014 uy| 0 101 0 $aeng 135 $aurnn#---|u||u 181 $ctxt 182 $cc 183 $acr 200 10$aJarai clauses and noun phrases $esyntactic structures in an Austronesian language /$fJoshua Jensen 210 1$aBoston ;$aBerlin :$cDe Gruyter Mouton,$d[2014] 210 4$dİ2014 215 $a1 online resource (250 p.) 225 1 $aPacific linguistics,$x1448-8310 ;$vvolume 645 300 $aRevised version of author's 2013 Ph.D. dissertation, University of Texas at Arlington. 311 0 $a1-61451-682-0 311 0 $a1-61451-771-1 320 $aIncludes bibliographical references (pages 223-231) and index. 327 $tFront matter --$tPreface and acknowledgments --$tContents --$tList of figures --$tList of tables --$tList of glossing conventions --$t1. Introduction to the Jarai language --$t2. Noun phrases --$t3. Operator domain --$t4. Inflectional domain --$t5. Theta domain --$t6. Conclusion --$tA. Phoneme inventories in previous work --$tReferences --$tIndex 330 $aThe first published treatment of the syntax of Jarai, an Austronesian language of Southeast Asia, this volume focuses on the noun phrase and three regions of the clause: the left periphery, inflectional elements, and the verbal domain. Close attention is given to pseudo-cleft questions and serial verb constructions. Phenomena are carefully described, then analyzed within the Minimalist framework. 410 0$aPacific linguistics ;$vvolume 645. 606 $aJarai language$xSyntax 608 $aElectronic books. 615 0$aJarai language$xSyntax. 676 $a495.9 686 $aEF 41510$2rvk 700 $aJensen$b Joshua$01033058 801 0$bMiAaPQ 801 1$bMiAaPQ 801 2$bMiAaPQ 906 $aBOOK 912 $a9910459747103321 996 $aJarai clauses and noun phrases$92451301 997 $aUNINA LEADER 02443nam 2200589 a 450 001 9910777977803321 005 20170815111600.0 010 $a1-135-23144-3 010 $a1-282-12453-6 010 $a9786612124532 010 $a0-203-87153-7 035 $a(CKB)1000000000761921 035 $a(EBL)431794 035 $a(OCoLC)418259270 035 $a(SSID)ssj0000125762 035 $a(PQKBManifestationID)11142394 035 $a(PQKBTitleCode)TC0000125762 035 $a(PQKBWorkID)10027777 035 $a(PQKB)11091859 035 $a(MiAaPQ)EBC431794 035 $a(EXLCZ)991000000000761921 100 $a20090210d2009 uy 0 101 0 $aeng 135 $aur|n|---||||| 181 $ctxt 182 $cc 183 $acr 200 00$aCommunication research measures$b[electronic resource] $ea sourcebook$hVolume II /$fedited by Rebecca B. Rubin ... [et al.] 210 $aNew York $cRoutledge$d2009 215 $a1 online resource (526 p.) 225 1 $aRoutledge Communication Series 300 $aDescription based upon print version of record. 311 $a0-8058-5133-X 311 $a0-8058-5132-1 320 $aIncludes bibliographical references (p. 492-493) and indexes. 327 $apt. 1. Measurement trends and issues -- pt. 2. Measure profiles -- pt. 3. Imported measures. 330 $aExpanding and building on the measures included in the original 1994 volume, Communication Research Measures II: A Sourcebook provides new measures in mass, interpersonal, instructional, and group/organizational communication areas, and highlights work in newer subdisciplines in communication, including intercultural, family, and health. It also includes measures from outside the communication discipline that have been employed in communication research. The measures profiled here are the best of the best from the early 1990s through today. They are models for future scale development as well 410 0$aRoutledge Communication Series 606 $aCommunication$xResearch 606 $aCommunication$xMethodology 615 0$aCommunication$xResearch. 615 0$aCommunication$xMethodology. 676 $a302.2 676 $a302.207/2 701 $aRubin$b Rebecca B$01503891 801 0$bMiAaPQ 801 1$bMiAaPQ 801 2$bMiAaPQ 906 $aBOOK 912 $a9910777977803321 996 $aCommunication research measures$93732589 997 $aUNINA